000 00467nam a2200157Ia 4500
003 GCL
008 140319s9999 xx 000 0 ara d
040 _aGCL /
_cGCL
082 0 4 _a270
_bج ا
100 1 _aجون ستوت
245 1 0 _aاحفظ الوديعة(دراسة فى تيموثاوس الثانية) /
_cجون ستوت
700 1 _aرضا عدلى
260 _a[S.N] :
_bدار الثقافة المسيحية ،
_c1985
300 _a198 ص
490 _a
999 _c29278
_d29278